Roma, gypsies, travellers

Αποθηκεύτηκε σε:
Λεπτομέρειες βιβλιογραφικής εγγραφής
Κύριος συγγραφέας: Liegeois, Jean-Pierre
Μορφή: Βιβλίο
Γλώσσα:English
French
Δημοσίευση: Strasbourg : Council of Europe Press, c1994.
Σειρά:Collection Education
Θέματα:
Ετικέτες: Προσθήκη ετικέτας
Δεν υπάρχουν, Καταχωρήστε ετικέτα πρώτοι!

MARC

LEADER 00000cam a2200000 i 4500
001 1/68652
008 981026s1994 fr | ||| |||| ||eng||
020 |a 9287123497 
035 |l 10030239 
040 |a GR-MyUA  |b gre  |e AACR2 
041 1 |a eng  |h fre 
082 0 |a 305.891497 
100 1 |a Liegeois, Jean-Pierre. 
245 1 0 |a Roma, gypsies, travellers /   |c Jean-Pierre Ligeois.  
260 |a Strasbourg :   |b Council of Europe Press,   |c c1994.  
300 |a 323 σ.  
490 1 |a (Collection "Education")  
500 |a Τίτλος πρωτοτύπου: Roma, tsiganes, voyageurs.  
650 0 0 |a Romanies. 
650 0 0 |a Nomads. 
830 0 |a Collection Education 
852 |a INST  |b LESVOS  |e 19981026  |h 305.891497 LIG  |p 005100018551  |q 005100018551  |t BK  |y 0 
901 |a BIBL1-1998-3 
909 |a Λ  |b 059595 
922 |a 1ΕΛΗ  |b 199809  |c ΚΠΣ/ΤΚΑ  |d ΠΑΠΑΣΩΤΗΡΙΟΥ 
950 |a 117-1998-07-08 
970 |z 2000/06/ΟΙΚΟΝΟΜΟΠΟΥΛΟΥ ΧΡΙΣΤΙΝΑ